<?xml version="1.0" encoding="UTF-8"?>
<record
    xmlns:xsi="http://www.w3.org/2001/XMLSchema-instance"
    xsi:schemaLocation="http://www.loc.gov/MARC21/slim http://www.loc.gov/standards/marcxml/schema/MARC21slim.xsd"
    xmlns="http://www.loc.gov/MARC21/slim">

  <leader>02937cam a2200361Ia 4500</leader>
  <controlfield tag="001">MEB027059</controlfield>
  <controlfield tag="003">OCoLC</controlfield>
  <controlfield tag="005">20150217162532.0</controlfield>
  <controlfield tag="008">120605s2012    paua          001 0 eng d</controlfield>
  <datafield tag="020" ind1=" " ind2=" ">
    <subfield code="a">9781451150230</subfield>
  </datafield>
  <datafield tag="035" ind1=" " ind2=" ">
    <subfield code="a">(OCoLC)794778017</subfield>
    <subfield code="z">(OCoLC)759908077</subfield>
    <subfield code="z">(OCoLC)798817411</subfield>
  </datafield>
  <datafield tag="040" ind1=" " ind2=" ">
    <subfield code="a">NBO</subfield>
    <subfield code="c">NBO</subfield>
    <subfield code="d">BTCTA</subfield>
    <subfield code="d">BDX</subfield>
    <subfield code="d">S4S</subfield>
    <subfield code="d">TEF</subfield>
  </datafield>
  <datafield tag="050" ind1=" " ind2="4">
    <subfield code="a">RM 125</subfield>
    <subfield code="b">.N938 2013</subfield>
  </datafield>
  <datafield tag="245" ind1="0" ind2="0">
    <subfield code="a">Nursing 2013 drug handbook /</subfield>
  </datafield>
  <datafield tag="246" ind1="3" ind2="0">
    <subfield code="a">Drug handbook.</subfield>
  </datafield>
  <datafield tag="246" ind1="3" ind2=" ">
    <subfield code="a">Nursing drug handbook.</subfield>
  </datafield>
  <datafield tag="250" ind1=" " ind2=" ">
    <subfield code="a">33rd ed.</subfield>
  </datafield>
  <datafield tag="260" ind1=" " ind2=" ">
    <subfield code="a">Philadelphia, Pa. :</subfield>
    <subfield code="b">Wolters Kluwer Health/Lippincott Williams &amp; Wilkins,</subfield>
    <subfield code="c">2013.</subfield>
  </datafield>
  <datafield tag="300" ind1=" " ind2=" ">
    <subfield code="a">x, 1556 p., 32 p. of plates :</subfield>
    <subfield code="b">col. ill. ;</subfield>
    <subfield code="c">21 cm.</subfield>
  </datafield>
  <datafield tag="500" ind1=" " ind2=" ">
    <subfield code="a">"#1 nursing drug guide" -- From cover.</subfield>
  </datafield>
  <datafield tag="500" ind1=" " ind2=" ">
    <subfield code="a">Includes index.</subfield>
  </datafield>
  <datafield tag="505" ind1="2" ind2=" ">
    <subfield code="a">How to use Nursing2012 Drug Handbook -- Quick guide to special symbols, logos, and highlighted terms -- Guide to abbreviations -- General information -- 1. Drug actions, interactions, and reactions -- 2. Drug therapy across the lifespan -- 3. Safe drug administration -- 4. Selected drug classifications -- Alphabetical listing of drugs by generic name -- Appendices -- Pregnancy risk categories -- Controlled substance schedules -- Quick guide to combination drugs -- Common combination drugs: indications and dosages -- Vaccines and toxoids: indications and dosages -- Vitamins and minerals: indications and dosages -- Therapeutic drug monitoring guidelines -- Cytochrome P-450 enzymes and common drug interactions -- Drugs that prolong the QTc interval -- Dialyzable drugs -- Abbreviations to avoid -- Herbal supplements -- Drugs that shouldn't be crushed or chewed -- Avoiding common drug errors: best practices and prevention -- Pediatric drugs commonly involved in drug errors -- Elder care medication tips -- Additional new drugs: indications and dosages.</subfield>
  </datafield>
  <datafield tag="520" ind1=" " ind2=" ">
    <subfield code="a">New features include: generic drugs arranged A to Z; over 3,000 clinical updates, including dosages, warnings, new indications, adverse reactions, and nursing considerations; monographs featuring over 960 generic drugs, including 9 new FDA approvals; updated therapeutic classes throughout; prominently displayed safety information, including tall man letters, black box warnings, clinical alerts, I.V. administration guidelines, overdose signs and symptoms; 3 new safety-related appendices highlighting best practices to avoid drug errors, pediatric drugs involved in drug errors, and elder care medication tips; and expanded photoguide showing nearly 400 actual-size pills.</subfield>
  </datafield>
  <datafield tag="650" ind1=" " ind2="0">
    <subfield code="a">Drugs</subfield>
    <subfield code="v">Handbooks, manuals, etc.</subfield>
  </datafield>
  <datafield tag="650" ind1=" " ind2="0">
    <subfield code="a">Pharmacology</subfield>
    <subfield code="v">Handbooks, manuals, etc.</subfield>
  </datafield>
  <datafield tag="650" ind1=" " ind2="0">
    <subfield code="a">Nursing</subfield>
    <subfield code="v">Handbooks, manuals, etc.</subfield>
  </datafield>
  <datafield tag="650" ind1="1" ind2="2">
    <subfield code="a">Drug Therapy</subfield>
    <subfield code="x">Nursing</subfield>
    <subfield code="v">Handbooks.</subfield>
  </datafield>
  <datafield tag="650" ind1="2" ind2="2">
    <subfield code="a">Pharmacology</subfield>
    <subfield code="v">Handbooks.</subfield>
  </datafield>
  <datafield tag="710" ind1="2" ind2=" ">
    <subfield code="a">Lippincott Williams &amp; Wilkins.</subfield>
  </datafield>
  <datafield tag="710" ind1="2" ind2=" ">
    <subfield code="a">Wolters Kluwer Health.</subfield>
  </datafield>
  <datafield tag="740" ind1="3" ind2=" ">
    <subfield code="a">Nursing two thousand thirteen drug handbook.</subfield>
  </datafield>
  <datafield tag="942" ind1=" " ind2=" ">
    <subfield code="2">lcc</subfield>
    <subfield code="c">BK</subfield>
  </datafield>
  <datafield tag="999" ind1=" " ind2=" ">
    <subfield code="c">282714</subfield>
    <subfield code="d">282714</subfield>
  </datafield>
  <datafield tag="952" ind1=" " ind2=" ">
    <subfield code="0">0</subfield>
    <subfield code="1">0</subfield>
    <subfield code="2">lcc</subfield>
    <subfield code="4">0</subfield>
    <subfield code="a">CL</subfield>
    <subfield code="b">CL</subfield>
    <subfield code="c">RES</subfield>
    <subfield code="d">2015-02-17</subfield>
    <subfield code="e">Library Fund</subfield>
    <subfield code="k">RES</subfield>
    <subfield code="l">4</subfield>
    <subfield code="m">5</subfield>
    <subfield code="o">RM 125 .N938 2013</subfield>
    <subfield code="p">C19200</subfield>
    <subfield code="r">2024-01-16 00:00:00</subfield>
    <subfield code="s">2024-01-09</subfield>
    <subfield code="w">2015-02-17</subfield>
    <subfield code="y">BK</subfield>
  </datafield>
</record>
